| 000 | 02604nam a2200433 a 4500 | ||
|---|---|---|---|
| 999 |
_c232885 _d232885 |
||
| 001 | 2844474 | ||
| 003 | Nust | ||
| 005 | 20180117090024.0 | ||
| 008 | 840806s1983 enk b 001 0 eng | ||
| 010 | _a 84103297 | ||
| 020 | _a0421292709 | ||
| 020 | _a0421292806 (pbk.) | ||
| 040 |
_aDLC _cDLC _dDLC |
||
| 050 | 0 | 0 |
_aJX68 _b.H33 1983 |
| 082 | 0 | 0 |
_a341/.0268 _219 |
| 100 | 1 |
_aHarris, D. J. _q(David John) |
|
| 245 | 1 | 0 |
_aCases and materials on international law / _cD.J. Harris. |
| 250 | _a6th ed. | ||
| 260 |
_aRawalpindi _bSweet & Maxwell, _c1983. |
||
| 300 |
_ali, 810 p. ; _c26 cm. |
||
| 500 | _a"Charter of the United Nations": p. 748-770. | ||
| 500 | _a"Statute of the International Court of Justice": p. 770-780. | ||
| 504 | _aIncludes bibliographical references and indexes. | ||
| 650 | 0 |
_aInternational law _xCases. |
|
| 710 | 2 |
_aUnited Nations. _tCharter. |
|
| 710 | 2 |
_aInternational Court of Justice. _tStatute. |
|
| 906 |
_a7 _bcbc _corignew _d3 _encip _f19 _gy-gencatlg |
||
| 942 |
_2ddc _cBK |
||